Profile: John Quincy Adams Quiz Stats

 Plays Quiz Updated Jul 11, 2017

Support Sporcle.
Go Orange.
Score 0/20 Timer 04:00
0 Plays Today
Hint Answer % Correct
Place of BurialUnited First Parish Church
90.5%
State BornMassachusetts
89.7%
Preceded ByJames Monroe
85%
Drafted This Doctrine Before PresidencyMonroe Doctrine
84.5%
University AttendedHarvard University
83.9%
Succeeded ByAndrew Jackson
78.2%
Year Elected1824
73.8%
Children (name one)Louisa
67.6%
Year Born1767
63%
ReligionChristian
61.4%
Hint Answer % Correct
Year Died1848
59.5%
Presidential Ordinal6th
58.2%
Political PartyDemocratic-Republican
54.4%
Job After PresidencyCongressman
48.1%
Place of DeathCapitol Building
47%
First US Minister to This CountryRussia
41.5%
Previous JobSecretary of State (1817-1825)
33.7%
SpouseLouisa Johnson
29.1%
Vice PresidentJohn C. Calhoun
25.9%
NicknameOld Man Eloquent
7.6%

You're not logged in!

Compare scores with friends on all Sporcle quizzes.
OR
Log In
Forgot?

From the Vault

Doctor Who Episodes by Any Word

by Flick

Don't blink or you'll run out of time...to fill in these answers.
Remove Ads.
Support Sporcle.
Get the best of Sporcle when you Go Orange. This ad-free experience offers more features, more stats, and more fun while also helping to support Sporcle. Thank you for becoming a member.

Show Comments

Extras

Top Quizzes Today


Score Distribution

Your Account Isn't Verified!

In order to create a playlist on Sporcle, you need to verify the email address you used during registration. Go to your Sporcle Settings to finish the process.

Report this User

Report this user for behavior that violates our Community Guidelines.

Details: